| 000 | 02579cam a2200445 4500 | ||
|---|---|---|---|
| 001 | M84410 | ||
| 008 | 090401t1997 xxu||||| |||| 00| 0 eng d | ||
| 035 | _a(Sirsi) u78801 | ||
| 041 | _aeng | ||
| 050 | _a333.9164 | ||
| 110 |
_aRoyal Institution of Chartered Surveyors _94900 |
||
| 245 | 4 | _aThe development and management of the coastal and marine estate in the UK and Europe : conference proceedings and notes. | |
| 260 |
_aLondon _bRICS _c1997 |
||
| 300 | _aca.150p. ; 30cm. | ||
| 350 | _a0 | ||
| 505 |
_aThe role of non-governmental conservation organisations in coastal and marine management. _bUff, John; Gubbay, Susan |
||
| 505 |
_aChartered surveyors. _bPowis, Paul |
||
| 505 |
_aOffshore management : the mediterranean challenge. _bVallega, Adalberto |
||
| 505 |
_aIntegrated planning approach : Dutch continental shelf. _bBosch, Luuk |
||
| 505 |
_aIntegrated coastal management : European initiatives. _bSmith, Hance |
||
| 505 |
_aCoastal and offshore management in the UK and Europe. _bSaville, Mark; Battle, John; Strickland, Hugh; Sparrow, Andrew; King, John |
||
| 505 |
_aSeabed ownership : assets and liabilities. _bMenzies, Ian; Plant, Jane; Asbury, Norton; Locke, Duncan; Parrish, Frank |
||
| 505 |
_aThe National Trust at work on the coast. _bCapper, Phillip; Hatton, William; Katz, Rhoda; Silver, Simon; Gittens, Paul; Parrack, Tony; Morey-Smith, Linda; Douey, Patricia; Burgon, Jo |
||
| 505 |
_aA port`s perspective. _bBingham, Tony; Voaden, William; Owen, Susan; Richards, Mark; Cooksley, Karen; Burnett, Rachel; Fawcus, Bill |
||
| 505 |
_aEnvironmental assessment for oil and gas operations. _bKendall, John; Renger, Mike; Newman, Kim; McLocklin, Neil; Gillett, Paul; Watts, Ray; Sell, David |
||
| 505 |
_aThe leisure industry. _bRaynsford, Nick; Harper, David; Barrett, Peter; Freeman-Bell, Gail; Grover, Richard; Taylor, Alan; Gregory, Stuart; Guest, David |
||
| 505 |
_aFisheries and issues of coastal zone management. _bPrice, Jennie; Sheard, E. Martin; Fox, Peter |
||
| 505 |
_aScience input to coastal zone management from the NERC`s LOIS Programme. _bSainsbury, Roger; McDougal, David; Stebbing, A.R.D. |
||
| 505 |
_aConserving the marine environment : English Nature`s role. _bCottam, Guy; Wood, Gordon; Collins, Sue |
||
| 650 | _aCOASTAL DEVELOPMENT | ||
| 650 | _aCOASTAL MANAGEMENT | ||
| 650 | _aCOASTAL PLANNING | ||
| 650 | _aCOASTAL ZONE MANAGEMENT | ||
| 650 | _aCONFERENCE PAPERS | ||
| 650 | _aLAND MANAGEMENT | ||
| 650 | _aMARINE ENVIRONMENT | ||
| 690 | _aMARINE RESOURCES | ||
| 942 | _n0 | ||
| 948 | _c09/06/1997 | ||
| 999 |
_c96485 _d96485 |
||